00795nam a22001697a 4500003000900000008004100009040007100050082002400121245005500145260004200200300002800242505030400270650001300574650001100587650001300598650001400611AR-CdUCM190405b ||||| |||| 00| 0 spa d aMUNICIPALIDAD PROVINCIAL DEL CUSCOcBIBLIOTECA MUNICIPAL DEL CUSCO a917.4 /bG15 / 1838 aLos viages de Tomas Gage :ben la nueva España / aParís :bLibrería de Rosa,c1838. a519 páginas ;c18 cm. aContenido: t.2. Descripción del estado, del gobierno de las riquezas y de las grandeza de la ciudad de Guatemala y el país quede ella depende -- Descripción geográfica de la provincia de Guatemala, de su comercio de sus costas y puertos y de las estaciones propicias para arribar allí ... aHistoria aEstado aGobierno aGuatemala